| 000 | 00720cam a22002291 4500 | ||
|---|---|---|---|
| 001 | ne 68000220 | ||
| 003 | DLC | ||
| 005 | 20260227111836.0 | ||
| 008 | 931118s1966 ua a b 000 0 arar | ||
| 010 | _ane 68000220 | ||
| 035 | _a(OCoLC)29350302 | ||
| 040 |
_aDLC _cCU _dCU _dDLC |
||
| 042 | _apremarc | ||
| 050 | 0 | 0 |
_aHM251 _b.S85 1966 |
| 100 | 1 |
_aSuwayf, Muṣṭafá, _d1924- |
|
| 245 | 1 | 0 |
_aMuqaddimah li-ʻilm al-nafs al-ijtimāʻī / _ctaʼlīf Muṣṭafá Suwayf. |
| 250 | _aal-Ṭabʻah 2, mazīdah wa-munaqqaḥah. | ||
| 260 |
_aal-Qāhirah : _bMaktabat al-Anjlū al-Miṣrīyah, _c1966. |
||
| 300 |
_a17, 492 p. : _billus. ; _c24 cm. |
||
| 504 | _aIncludes bibliographies. | ||
| 650 | 0 | _aSocial psychology. | |
| 999 |
_c49968 _d49968 |
||